[Event "Montpellier op 12th"]
[Site "Montpellier"]
[Date "2005.07.05"]
[Round "3"]
[White "Cerpedes, Raphael"]
[Black "Howell, David"]
[Result "0-1"]
[WhiteElo "2026"]
[BlackElo "2471"]
[PlyCount "76"]
[EventDate "2005.07.03"]
[EventType "swiss"]
[EventRounds "9"]
[EventCountry "FRA"]
[SourceTitle "EXT 2006"]
[Source "ChessBase"]
[SourceDate "2005.11.24"]
[SourceVersion "1"]
[SourceVersionDate "2005.11.24"]
[SourceQuality "1"]

1. d4 Nf6 2. c4 g6 3. Nc3 d5 4. cxd5 Nxd5 5. e4 Nxc3 6. bxc3 Bg7 7. Bc4 c5 8. Ne2 Nc6 9. Be3 0-0 10. 0-0 Bd7 11. dxc5 Na5 12. Bb3 Qc7 13. Qc2 Bb5 14. Rfd1 Nc4 15. Bxc4 Bxc4 16. Nd4 e5 17. Nb3 f5 18. f3 Rf7 19. Nd2 Be2 20. Re1 Ba6 21. Nb3 f4 22. Bf2 Bf8 23. c4 Qc6 24. Red1 g5 25. Rd5 Re8 26. Na5 Qg6 27. Qa4 Rg7 28. Rd7 Be7 29. Nxb7 g4 30. Kf1 gxf3 31. gxf3 Kh8 32. Nd6 Qg2+ 33. Ke2 Rb8 34. Nb7 Bxc5 35. Nxc5 Rxd7 36. Qxd7 Rb2+ 37. Kd1 Qf1+ 38. Be1 Qe2+ 0-1